00735nam a22001697a 4500003000900000008004100009040007100050082002400121100002200145245004800167260007300215300002800288505016700316650002700483650001500510650004000525AR-CdUCM190516b ||||| |||| 00| 0 spa d aMUNICIPALIDAD PROVINCIAL DEL CUSCOcBIBLIOTECA MUNICIPAL DEL CUSCO 22eda330.985 /bB23 aBarreto, Emilio G aCrisis de la economía peruana 1980-1983 / aLima :bBanco Central de Reserva del Perú, Fondo Editorial,c1990. a215 páginas ;c22 cm. aContenido: ¿En 1980 que esperaba en Perú del nuevo gobierno? -- Objetivos reales de las política de desarrollo sin inflación y con estabilidad monetaria... aPolítica económica aEconomía aBanco Central de Reserva del Perú